Monterey Regional Airport Destinations (Monterey, CA, USA) - Statistics

General Stats
  • This quiz has been taken 51 times
    20 since last reset
  • The average score is 11 of 13
Answer Stats
Airline Destination % Correct
American Airlines Dallas/Fort Worth
100%
United Express Denver
100%
Allegiant Air Las Vegas
100%
American Airlines/American Eagle Phoenix (Sky Harbor)
100%
Alaska Airlines San Diego
100%
JSX San Diego/Carlsbad
100%
United Express San Francisco
100%
United Express Los Angeles
94%
Alaska Airlines Seattle/Tacoma
94%
United Airlines Chicago (O'Hare)
83%
Sun Country Airlines Minneapolis/ St. Paul
72%
JSX Burbank
33%
JSX Orange County
28%
No matching quizzes found
Score Distribution
Percent of People with Each Score
Percentile by Number Answered
Your Score History
You have not taken this quiz since the last reset